| 000 | 00387nam a2200157Ia 4500 | ||
|---|---|---|---|
| 003 | OSt | ||
| 005 | 20240117155130.0 | ||
| 008 | 170524s9999 xx 000 0 und d | ||
| 020 | _a8170127262 | ||
| 040 | _ciimt university meerut | ||
| 100 | _aDR AVTAR SINGH | ||
| 100 | _c2002 | ||
| 245 | 0 | _aINTRODUCTION TO LAW OF NEGOTIABLE INSTRUMENTS | |
| 260 | _aEASTERN BOOK CO | ||
| 942 |
_2ddc _c02 |
||
| 999 |
_c2187 _d2187 |
||